<?xml version="1.0" encoding="UTF-8"?>
<collection xmlns="http://www.loc.gov/MARC21/slim">
 <record>
  <leader>02298nam a22002777a 4500</leader>
  <controlfield tag="001">NCT_27111</controlfield>
  <controlfield tag="008">180223b        xxu||||| |||| 00| 0 vie d</controlfield>
  <datafield tag="999" ind1=" " ind2=" ">
   <subfield code="c">1299</subfield>
   <subfield code="d">1299</subfield>
  </datafield>
  <datafield tag="020" ind1=" " ind2=" ">
   <subfield code="a">9786040037527</subfield>
   <subfield code="c">28000</subfield>
  </datafield>
  <datafield tag="082" ind1="0" ind2="4">
   <subfield code="2">23rd ed.</subfield>
   <subfield code="a">531.1</subfield>
   <subfield code="b">S107/T.1</subfield>
  </datafield>
  <datafield tag="100" ind1="1" ind2=" ">
   <subfield code="a">Đỗ Sanh</subfield>
   <subfield code="e">Chủ biên</subfield>
  </datafield>
  <datafield tag="245" ind1="1" ind2="0">
   <subfield code="a">Cơ học</subfield>
   <subfield code="n">Tập 1</subfield>
   <subfield code="p">Tĩnh học và động học</subfield>
   <subfield code="c">Đỗ Sanh (chủ biên), Nguyễn Văn Đình, Nguyễn Văn Khang</subfield>
  </datafield>
  <datafield tag="250" ind1=" " ind2=" ">
   <subfield code="a">Tái bản lần thứ 18</subfield>
  </datafield>
  <datafield tag="260" ind1=" " ind2=" ">
   <subfield code="a">H.</subfield>
   <subfield code="b">Giáo dục</subfield>
   <subfield code="c">2016</subfield>
  </datafield>
  <datafield tag="300" ind1=" " ind2=" ">
   <subfield code="a">183 tr.</subfield>
   <subfield code="c">21cm</subfield>
  </datafield>
  <datafield tag="520" ind1=" " ind2=" ">
   <subfield code="a">Cơ học lý thuyết là một trong những môn học nền tảng được giảng dạy trong các trường đại học kỹ thuật. Nó không những là cơ sở cho hàng loạt các môn kỹ thuật cơ sở và kỹ thuật chuyên ngành mà còn xây dựng tiềm lực tư duy khoa học cho các kỹ sư và cán bộ khoa học kỹ thuật tương lai Giáo trình Cơ học lần này được biên soạn với khối lượng 10 đơn vị học trình cơ bản, nhằm phục vụ chương trình cải cách giáo dục của Bộ giáo dục và Đào tạo</subfield>
  </datafield>
  <datafield tag="653" ind1=" " ind2=" ">
   <subfield code="a">Công nghệ kỹ thuật ô tô</subfield>
  </datafield>
  <datafield tag="700" ind1="1" ind2=" ">
   <subfield code="a">Nguyễn Văn Đình</subfield>
  </datafield>
  <datafield tag="700" ind1="1" ind2=" ">
   <subfield code="a">Nguyễn Văn Khang</subfield>
  </datafield>
  <datafield tag="942" ind1=" " ind2=" ">
   <subfield code="2">ddc</subfield>
   <subfield code="c">BK</subfield>
  </datafield>
  <datafield tag="952" ind1=" " ind2=" ">
   <subfield code="0">0</subfield>
   <subfield code="1">0</subfield>
   <subfield code="2">ddc</subfield>
   <subfield code="4">0</subfield>
   <subfield code="6">531_100000000000000_S107_T_1</subfield>
   <subfield code="7">0</subfield>
   <subfield code="9">6598</subfield>
   <subfield code="a">000001</subfield>
   <subfield code="b">000001</subfield>
   <subfield code="d">2018-02-23</subfield>
   <subfield code="o">531.1 S107/T.1</subfield>
   <subfield code="p">MD.09883</subfield>
   <subfield code="r">2018-02-23</subfield>
   <subfield code="v">28000.00</subfield>
   <subfield code="w">2018-02-23</subfield>
   <subfield code="y">BK</subfield>
  </datafield>
  <datafield tag="952" ind1=" " ind2=" ">
   <subfield code="0">0</subfield>
   <subfield code="1">0</subfield>
   <subfield code="2">ddc</subfield>
   <subfield code="4">0</subfield>
   <subfield code="6">531_100000000000000_S107_T_1</subfield>
   <subfield code="7">0</subfield>
   <subfield code="9">8380</subfield>
   <subfield code="a">000001</subfield>
   <subfield code="b">000001</subfield>
   <subfield code="d">2018-05-22</subfield>
   <subfield code="o">531.1 S107/T.1</subfield>
   <subfield code="p">MD.09879</subfield>
   <subfield code="r">2018-05-22</subfield>
   <subfield code="v">28000.00</subfield>
   <subfield code="w">2018-05-22</subfield>
   <subfield code="y">BK</subfield>
  </datafield>
  <datafield tag="952" ind1=" " ind2=" ">
   <subfield code="0">0</subfield>
   <subfield code="1">0</subfield>
   <subfield code="2">ddc</subfield>
   <subfield code="4">0</subfield>
   <subfield code="6">531_100000000000000_S107_T_1</subfield>
   <subfield code="7">0</subfield>
   <subfield code="9">8381</subfield>
   <subfield code="a">000001</subfield>
   <subfield code="b">000001</subfield>
   <subfield code="d">2018-05-22</subfield>
   <subfield code="l">1</subfield>
   <subfield code="o">531.1 S107/T.1</subfield>
   <subfield code="p">MD.09880</subfield>
   <subfield code="r">2019-08-07</subfield>
   <subfield code="s">2019-08-07</subfield>
   <subfield code="v">28000.00</subfield>
   <subfield code="w">2018-05-22</subfield>
   <subfield code="y">BK</subfield>
  </datafield>
  <datafield tag="952" ind1=" " ind2=" ">
   <subfield code="0">0</subfield>
   <subfield code="1">0</subfield>
   <subfield code="2">ddc</subfield>
   <subfield code="4">0</subfield>
   <subfield code="6">531_100000000000000_S107_T_1</subfield>
   <subfield code="7">0</subfield>
   <subfield code="9">8382</subfield>
   <subfield code="a">000001</subfield>
   <subfield code="b">000001</subfield>
   <subfield code="d">2018-05-22</subfield>
   <subfield code="l">2</subfield>
   <subfield code="o">531.1 S107/T.1</subfield>
   <subfield code="p">MD.09881</subfield>
   <subfield code="r">2019-05-15</subfield>
   <subfield code="s">2019-05-03</subfield>
   <subfield code="v">28000.00</subfield>
   <subfield code="w">2018-05-22</subfield>
   <subfield code="y">BK</subfield>
  </datafield>
  <datafield tag="952" ind1=" " ind2=" ">
   <subfield code="0">0</subfield>
   <subfield code="1">0</subfield>
   <subfield code="2">ddc</subfield>
   <subfield code="4">0</subfield>
   <subfield code="6">531_100000000000000_S107_T_1</subfield>
   <subfield code="7">0</subfield>
   <subfield code="9">8383</subfield>
   <subfield code="a">000001</subfield>
   <subfield code="b">000001</subfield>
   <subfield code="d">2018-05-22</subfield>
   <subfield code="l">4</subfield>
   <subfield code="o">531.1 S107/T.1</subfield>
   <subfield code="p">MD.09882</subfield>
   <subfield code="r">2019-08-07</subfield>
   <subfield code="s">2019-08-07</subfield>
   <subfield code="v">28000.00</subfield>
   <subfield code="w">2018-05-22</subfield>
   <subfield code="y">BK</subfield>
  </datafield>
  <datafield tag="980" ind1=" " ind2=" ">
   <subfield code="a">Thư viện Trường Đại học Nam Cần Thơ</subfield>
  </datafield>
 </record>
</collection>
